Kredit v sisteme upravlenija ekonomikoj

Gespeichert in:
Bibliographische Detailangaben
1. Verfasser: Zacharov, Vjačeslav Sergejevič
Format: Buch
Sprache:Russisch
Veröffentlicht: Moskva Finansy 1979
Tags: Tag hinzufügen
Keine Tags, Fügen Sie das erste Tag hinzu!

MARC

LEADER 00000nam a2200000 4500
001 c141034
005 20041019155320.7
041 0 |a rus 
044 |a RU 
245 1 0 |a Kredit v sisteme upravlenija ekonomikoj  |c Vjačeslav Sergejevič Zacharov 
264 1 |a Moskva  |b Finansy  |c 1979 
300 |a 190 s. 
100 1 |a Zacharov, Vjačeslav Sergejevič